00433nam a2200169Ia 45000010006000000050017000060070003000230080041000260400023000670410008000900820024000981000021001222450055001432500013001982600042002116530010002534084120240114003355.0ta080122s1992 g b000 u hin u aCottonCollege,Assm ahin a891.43309bTh 32 Na aThakur, Debesh . 0aNadi Ke Dweep /cDebesh Thakur.hTextual Documents aist ed / aSarada :bNabayagantar Press ,c1992. aHindi